Statistics for Famous People from South America by Picture

Click here to take the quiz!

General Stats

  • This quiz has been taken 21 times
  • The average score is 8 of 16

Answer Stats

Answer% Correct
Pope Francis
90%
Diego Maradona
86%
Lionel Messi
86%
Shakira
86%
Ayrton Senna
71%
Augusto Pinochet
67%
Simón Bolívar
62%
Pablo Escobar
57%
Ronaldinho
57%
Diego Forlán
43%
Carlos Valderrama
38%
Adriana Lima
33%
Pedro Pascal
29%
Teófilo Cubillas
19%
João Gilberto
10%
Oscar Niemeyer
10%

Score Distribution

Percentile by Number Answered

Percent of People with Each Score

Your Score History

You have not taken this quiz